| 000 | 01220nam0a22002891 4500 | ||
|---|---|---|---|
| 001 | rc\3633568 | ||
| 005 | 20260407144634.0 | ||
| 021 |
_aRU _b69-91720 |
||
| 021 |
_aRU _bРг1756-70 |
||
| 035 | _a(NLR Aleph) 007724667 | ||
| 090 |
_a6989618 _c6989618 |
||
| 100 | _a20130115d1969 |||y0rusy50 ca | ||
| 101 | 0 | _arus | |
| 102 | _aRU | ||
| 105 | _ay z ||||| | ||
| 200 | 1 |
_aМетодика проверки соблюдения стандартов, технических условий и качества обуви _eПроект _fКом. стандартов, мер и измерит. приборов при Совете Министров СССР. Всесоюз. науч.-исслед. ин-т стандартизации |
|
| 210 |
_aМосква _cБ. и. _d1969 |
||
| 215 |
_a15, [7] с. _d20 |
||
| 300 | _aНа обороте тит. л.: исполнитель инж. Чибисова Е.С. | ||
| 309 | _aОтпеч. множит. аппаратом | ||
| 702 | 1 |
_aЧибисова _bЕ.С. _4570 |
|
| 712 | 0 | 2 |
_aВНИИ стандартизации _3RU\NLR\AUTH\8810020283 _9538563 |
| 801 | 0 |
_aRU _bNLR _gpsbo |
|
| 801 | 1 |
_aRU _bELAR _2rusmarc |
|
| 852 |
_aNLR _j69-4/32841 |
||
| 942 | _cBOOK | ||
| 980 | _aNB | ||